Charter and bye-laws (Record no. 105249)

MARC details
000 -LEADER
fixed length control field 00437cam a2200169 4500
001 - CONTROL NUMBER
control field ##L132827
008 - FIXED-LENGTH DATA ELEMENTS--GENERAL INFORMATION
fixed length control field 000000n1964 000 0 eng u
035 ## - SYSTEM CONTROL NUMBER
System control number (Sirsi) u132827
041 0# - LANGUAGE CODE
Language code of text/sound track or separate title eng
050 04 - LIBRARY OF CONGRESS CALL NUMBER
Classification number 333.0062 $2 18
110 2# - MAIN ENTRY--CORPORATE NAME
Corporate name or jurisdiction name as entry element Land Agents' Society
245 00 - TITLE STATEMENT
Title Charter and bye-laws
260 ## - PUBLICATION, DISTRIBUTION, ETC.
Place of publication, distribution, etc. London
Name of publisher, distributor, etc. Land Agents' Society
Date of publication, distribution, etc. 1964
300 ## - PHYSICAL DESCRIPTION
Extent 55p.
Dimensions 22cm.
690 ## - LOCAL SUBJECT ADDED ENTRY--TOPICAL TERM (OCLC, RLIN)
Topical term or geographic name as entry element ENVIRONMENTAL AND LAND CONSULTANCY
942 ## - ADDED ENTRY ELEMENTS (KOHA)
Suppress in OPAC 0
Holdings
Withdrawn status Lost status Source of classification or shelving scheme Damaged status Not for loan Home library Current library Shelving location Date acquired Total Checkouts Full call number Barcode Date last seen Copy number Price effective from Koha item type
    Dewey Decimal Classification     Historic collection Historic collection RICS Boxes 10/03/2006   RICS 1964 132827-2001 06/08/2019 1 06/08/2019 Archive